00684nam a2200181 i 450000100060000000300090000600500170001500700030003200800410003510000270007624501350010326000360023830000350027470000220030985200320033199900170036395201220038086383ES-MaACL20230906175433.0t|041209s1962 sp ||||1| spa d1 aKarlson, Peter.96756710aManual de Bioquímica b: para médicos, naturalistas y farmaceúticos / cpor P. Karlson ; versión española por F. Pulido. aBarcelona : bMarín, c[1962] aXVI, 386 p. : bil. ; c24 cm.1 aPulido, F.994370 aES-MaACLjC-22841 bR.51421 c86383d86383 00104070aATENEOMbATENEOMcDEPO2d2008-01-17eSCl0oC-22841p1090253r2023-02-23 00:00:00w2023-02-23yMONOGRAFIA